LEADER 01053nam a2200217 i 4500 001 000000190658 003 CaOOAMICUS 005 20100625000000.0 008 100625s1937 it u000 u ita u 013 $a169089 040 $aSeMil$bita 100 1 $aBartoccetti, Vittorio,$c.$0(OLS)http://semarc/name/2355 245 13$aLa venerabile Madre Maria Crocifissa di Rosa Fondatrice delle Ancelle della Caritą di Brescia /$cMons. Vittorio Bartoccetti. 260 $aBrescia :$bAncelle della caritą,$cstampa 1937. 300 $aVIII, 310 p., [1] p. di ritratto :$bill. ;$c23 cm. 500 $aContiene : Appendice. 600 04$aMaria Crocifissa : Di Rosa .$0(OLS)http://semarc/subject/28221 850 $aSeMil 852 $aSeMil$W1$xVenegono$y1$m3H IV 134$j141275$B141275$CSeMilBibl$Z2$F152856 $81 996 $6245$aLa venerabile Madre Maria Crocifissa di Rosa Fondatrice delle Ancelle della Caritą di Brescia$9(OLS)http://semarc/title/274695 996 $6260$aBrescia :$bAncelle della caritą$9(OLS)http://semarc/publisher/32836 LEADER 00910nam a2200217 i 4500 001 000000050588 003 CaOOAMICUS 005 20091104000000.0 008 091104s1955 xx u000 u fre u 013 $a21759 040 $aSeMil$bita 245 10$aOrientations de pastorale familiale /$cpra Jean Viollet ... [et al.] ; et Marc Oraison. 260 $aParis :$bFamiliales de France,$cimprim. 1955. 300 $a239 p. ;$c23 cm. 650 4$aFamiglie - Attivitą pastorale.$0(OLS)http://semarc/subject/2884 700 1 $aOraison, Marc <1914->.$0(OLS)http://semarc/name/17176 700 1 $aViollet, Jean.$0(OLS)http://semarc/name/12298 850 $aSeMil 852 $aSeMil$W1$xVenegono$y1$m2F I 154$j16743$B16743$CSeMilBibl$Z2$F16743 $81 996 $6245$aOrientations de pastorale familiale$9(OLS)http://semarc/title/77234 996 $6260$aParis :$bFamiliales de France$9(OLS)http://semarc/publisher/33665